Puchar Świata - klasyfikacja generalna za sezon 2011/12 - Statystyki

Ogólne statystyki
  • Ten quiz został rozwiązany 91 razy
  • Średni wynik to 52 z 72
Statystyki odpowiedzi
Miejsce Skoczek Narodowość Pkt % Poprawnych
5. Kamil Stoch Polska 1078
99%
10. Roman Koudelka Czechy 796
96%
8. Severin Freund Niemcy 857
96%
11. Simon Ammann Szwajcaria 731
96%
7. Thomas Morgenstern Austria 1014
96%
1. Anders Bardal Norwegia 1325
95%
4. Daiki Ito Japonia 1131
95%
19. Piotr Żyła Polska 267
95%
2. Gregor Schlierenzauer Austria 1267
93%
35. Maciej Kot Polska 108
93%
15. Peter Prevc Słowenia 400
93%
3. Andreas Kofler Austria 1203
91%
Jakub Janda Czechy 185
91%
9. Robert Kranjec Słowenia 829
91%
51. Noriaki Kasai Japonia 45
89%
14. Lukas Hlava Czechy 404
88%
6. Richard Freitag Niemcy 1031
88%
Jan Matura Czechy 40
87%
12. Martin Koch Austria 690
86%
34. Sebastian Colloredo Włochy 141
86%
20. Denis Kornilov Rosja 251
84%
13. Taku Takeuchi Japonia 429
84%
33. Jernej Damjan Słowenia 149
82%
56. Klemens Murańka Polska 26
82%
17. Rune Velta Norwegia 311
82%
30. Wolfgang Loitzl Austria 154
82%
39. Dimitriy Vassiliev Rosja 84
80%
50. Krzysztof Miętus Polska 50
80%
41. Manuel Fettner Austria 71
79%
21. Michael Neumayer Niemcy 236
79%
45. Vladimir Zografski Bułgaria 61
79%
37. Andreas Stjernen Norwegia 92
78%
18. Anssi Koivuranta Finlandia 283
78%
24. Jurij Tepes Słowenia 204
78%
38. Andrea Morassi Włochy 90
76%
54. Vincent Descombes Sevoie Francja 39
76%
47. Aleksander Zniszczoł Polska 60
75%
25. Anders Fannemel Norwegia 185
75%
22. Andreas Wank Niemcy 227
74%
68. Mackenzie Boyd-Clowes Kanada 5
74%
42. Michael Hayboeck Austria 70
74%
44. Jaka Hvala Słowenia 66
71%
31. Janne Happonen Finlandia 152
71%
29. Tom Hilde Norwegia 158
71%
32. Bjoern Einar Romoeren Norwegia 151
70%
66. Emmanuel Chedal Francja 7
70%
65. Martin Schmitt Niemcy 8
70%
57. Shohei Tochimoto Japonia 23
66%
40. Johan Remen Evensen Norwegia 72
63%
52. Junshiro Kobayashi Japonia 40
63%
71. Markus Eisenbichler Niemcy 1
63%
49. Matti Hautamaeki Finlandia 51
62%
43. Kenneth Gangnes Norwegia 68
59%
59. Olli Muotka Finlandia 21
59%
48. Yuta Watase Japonia 58
59%
23. David Zauner Austria 216
58%
27. Maximilian Mechler Niemcy 180
57%
36. Stephan Hocke Niemcy 107
57%
16. Vegard Haukoe Sklett Norwegia 343
57%
61. Nejc Dezman Słowenia 17
54%
28. Jure Sinkovec Słowenia 163
53%
63. Dimitry Ipatov Rosja 13
51%
67. Felix Schoft Niemcy 6
47%
Fumihisa Yumoto Japonia 1
43%
70. Martin Cikl Czechy 3
43%
64. Nicolas Mayer Francja 11
41%
60. Anton Kalinitschenko Rosja 20
39%
Atle Pedersen Roensen Norwegia 61
39%
58. Marco Grigoli Szwajcaria 22
38%
69. Sami Niemi Finlandia 4
38%
55. Dejan Judez Słowenia 34
30%
62. Johan Martin Brandt Norwegia 14
21%
Nie znaleziono quizów pasujących do podanych kryteriów
Rozkład punktacji
Procent ludzi z każdym wynikiem
Percentyl według liczby udzielonych odpowiedzi
Twoja historia wyników
Nie rozwiązałeś tego quizu